000 00603nam a2200181 i 4500
001 24399
003 ES-MaACL
005 20250801061514.0
007 t|
008 021217s1953 cu ||||1| spa d
245 0 0 _aAntología del cuento en Cuba
_b: (1902-1952) /
_cpor Salvador Bueno.
260 _aLa Habana :
_bMinisterio de Educación, Dirección de Cultura,
_c1953 (
_fUcar, García)
300 _a399 p. ;
_c33 cm.
700 1 _aBueno, Salvador,
_d1917-2006
_932387
710 1 _aCuba.
_bDirección General de Cultura.
_9146958
852 _aES-MaACL
_jC-9497
_bR.37841
999 _c24399
_d24399